| 000 | 00659nam a22002172 4500 | ||
|---|---|---|---|
| 001 | 0000006353 | ||
| 005 | 20151217152017.0 | ||
| 008 | 071022s xx 000 0 eng d | ||
| 020 |
_a1405108002 : _cKES 5950 |
||
| 040 |
_aKABU _cKABU |
||
| 100 | 1 |
_aKoo, Won W. _@0000157817 |
|
| 245 | 1 | 0 |
_aInternational trade and agriculture / _cWon W. Koo, P. Lynn Kennedy. |
| 260 |
_aOxford : _bBlackwell, _c2005. |
||
| 300 | _axiv, 280 p. | ||
| 650 | 0 |
_aInternational trade. _@0000149976 |
|
| 650 | 0 |
_aProduce trade. _@0000157818 |
|
| 700 | 1 |
_aKennedy, P. Lynn. _@0000157819 |
|
| 908 | _a071022 | ||
| 950 | _@1 | ||
| 999 |
_c7286 _d7286 |
||